00624 2200217 4500001002100000005001500021035002000036007000300056008004100059020001800100082001200118084001800130100003000148245007800178250001100256260005800267300003200325650001900357990001500376990001500391INLIS00000000000600820200827024657 a0010-0820000009ta200827 g 0 ind  a9789794489864 a613.043 a613.043 HAR i0 aHARDIYANTI, Erita Agustin1 aIndikator Perbaikan Kesehatan Lingkungan Anak /cErita Agustin Hardiyanti aCet. 1 aKesehatan Anak :bPenerbit Buku Kedokteran EGC,c2008 aviii,87 hlm ;c15,5 x 24 cm 4aKESEHATAN ANAK a1071 941 a a1071 941 a